[Event "IECG QN.2004.0.00333"]
[Site "IECG email"]
[Date "2004.08.01"]
[Round "?"]
[White "Hendershot, Paul"]
[Black "Dubovitsky, Dmitry"]
[Result "1-0"]
[WhiteElo "703"]
[BlackElo "800"]
[PlyCount "47"]
[EventDate "2004.08.01"]
[EventType "tourn (corr)"]
[EventRounds "6"]
[SourceTitle "Corr 2008"]
[Source "ChessBase"]
[SourceDate "2008.06.24"]
[SourceVersion "1"]
[SourceVersionDate "2008.06.24"]
[SourceQuality "1"]

1. e4 c5 2. Bd3 d5 3. Nc3 c4 4. Be2 dxe4 5. Nxe4 Qd5 6. Bf3 Bg4 7. Ne2 Bxf3 8. gxf3 f5 9. Nf4 Qe5 10. d4 cxd3 11. Nxd3 Qe6 12. Nf4 Qe5 13. Nd3 Qd5 14. Nc3 Qa5 15. b4 Qd8 16. Bf4 e6 17. a3 Nd7 18. Nb5 Ke7 19. Qe2 a5 20. Bd6+ Kf7 21. Nc7 Bxd6 22. Qxe6+ Kf8 23. Qxd6+ Ne7 24. Ne6+ 1-0